| 000 | 01022cam a22002895i 4500 | ||
|---|---|---|---|
| 005 | 20240807095320.0 | ||
| 008 | 150520s2015 inu 000 0 eng | ||
| 010 | _a 2015941934 | ||
| 020 | _a9781119059882 (pbk. : alk. paper) | ||
| 040 |
_aDLC _beng _erda _cDLC _dDLC |
||
| 050 | 0 | 0 | _aMLCM 2018/46506 (N) |
| 082 |
_a720.284 _bDUE-A |
||
| 100 | 1 | _aDuell, Ryan, | |
| 245 | 1 | 0 |
_aAutodesk revit architecture 2016 essentials / _cRyan Duell, Tobias Hathorn, Tessa Reist Hathorn. |
| 260 |
_aUSA _bSybex _c2015 |
||
| 264 | 1 |
_aIndianapolis, IN : _bSybex, A Wiley Brand _c[2015] |
|
| 300 |
_axxiii, 375 pages : _billustartions ; _c23 cm |
||
| 336 |
_atext _btxt _2rdacontent |
||
| 337 |
_aunmediated _bn _2rdamedia |
||
| 338 |
_avolume _bnc _2rdacarrier |
||
| 500 | _aIncludes index. | ||
| 500 |
_aMinimal Level Cataloging Plus. _5DLC |
||
| 650 | 0 |
_aArchitectural drawing _xComputer-aided design. |
|
| 906 |
_a7 _bcbc _corignew _d4 _eepcn _f20 _gy-gencatlg |
||
| 999 |
_c25998 _d25998 |
||